LEADER 00834nam0-22002891i-450- 001 990000035720403321 035 $a000003572 035 $aFED01000003572 035 $a(Aleph)000003572FED01 035 $a000003572 100 $a20011111d--------km-y0itay50------ba 101 0 $aita 105 $ay-------001yy 200 1 $aCombustion-driven oscillations in industry$fAbbott A. Putnam. 210 $aNew York$cAmerican Elsevier$d1971 215 $aXIII, 208 p.$cill.$d23 cm 225 1 $aFuel and energy science series 676 $a660.296 1 700 1$aPutnam,$bAbbott A.$02661 801 0$aIT$bUNINA$gRICA$2UNIMARC 901 $aBK 912 $a990000035720403321 952 $a13 C 62 14$b30403$fFINBC 959 $aFINBC 996 $aCombustion-driven oscillations in industry$9106041 997 $aUNINA DB $aING01